000
00235 a2200097 4500
001
34515
100
_a
Fateh Muhammad Malik
245
_a
Ahmad Nadeem Qasmi
260
_a
Lahore
_b
Sang-e-Meel Publications
_c
1991
090
_c
22797
_d
22797
942
_a
NUST-CAE
_c
M
_c
14221
999
_c
269588
_d
269588